Statistiques concernant Les 10 pays africains les plus austraux

Cliquez ici pour prendre le quiz!

Statistiques générales

  • Ce quiz a été pris 60 fois
  • Le résultat moyen est 9 sur 10

Statistiques - réponses

LargeurPays% Correct
46°59'SAfrique du Sud
100%
30°40'SLesotho
93%
25°37'SMadagascar
93%
22°25'SZimbabwe
92%
26°54'SBotswana
90%
28°19'SEswatini
90%
28°58'SNamibie
90%
18°05'SZambie
90%
26°52'SMozambique
85%
20°32'SÎle Maurice
81%

Distribution des résultats

Percentile par nombre de réponses

% des personnes avec chaque résultat

Votre développement - résultats

Vous n’avez pas pris ce quiz